Anales del Ateneo de Costa Rica (Record no. 32869)

MARC details
000 -LEADER
campo de control de longitud fija 00721nam a2200205 i 4500
001 - NÚMERO DE CONTROL
campo de control 32869
003 - IDENTIFICADOR DE NÚMERO DE CONTROL
campo de control ES-MaACL
005 - FECHA Y HORA DE LA ÚLTIMA TRANSACCIÓN
campo de control 20230906154642.0
007 - CAMPO FIJO DE DESCRIPCIÓN FÍSICA--INFORMACIÓN GENERAL
campo de control de longitud fija t|
008 - DATOS DE LONGITUD FIJA--INFORMACIÓN GENERAL
campo de control de longitud fija 030131s1912 cr ||||1| spa d
245 00 - MENCIÓN DEL TÍTULO
Título Anales del Ateneo de Costa Rica
Resto del título : 1912.
260 ## - PUBLICACIÓN, DISTRIBUCIÓN, ETC.
Lugar de publicación, distribución, etc. San José de Costa Rica :
Nombre del editor, distribuidor, etc. [s.n.,
Fecha de publicación, distribución, etc. 1912] (
Fabricante Tip. Nacional)
300 ## - DESCRIPCIÓN FÍSICA
Extensión 42 p. ;
Dimensiones 26 cm.
500 ## - NOTA GENERAL
Nota general Es el nº 5 del año I.
505 8# - NOTA DE CONTENIDO CON FORMATO
Nota de contenido con formato Contiene: "Lucha de razas" / Alejandro Bermúdez -- "El derecho y la fuerza" ; "La independencia" / Gerardo Zúñiga Montúfar
700 1# - ENTRADA AGREGADA--NOMBRE PERSONAL
Nombre de persona Bermúdez, Alejandro.
9 (RLIN) 28125
700 1# - ENTRADA AGREGADA--NOMBRE PERSONAL
Nombre de persona Zúñiga Montúfar, Gerardo.
9 (RLIN) 118517
710 2# - ENTRADA AGREGADA--NOMBRE DE ENTIDAD CORPORATIVA
Nombre de entidad corporativa o nombre de jurisdicción como elemento de entrada Ateneo de Costa Rica.
9 (RLIN) 1864
852 ## - LOCALIZACIÓN
Ubicación ES-MaACL
Número de control de estantería T-1416-F-6
Holdings
Estatus retirado Estado de pérdida Estado de daño No para préstamo Colección Biblioteca de origen Biblioteca actual Ubicación en estantería Fecha de adquisición Fuente de adquisición Total de préstamos Signatura topográfica completa Código de barras Visto por última vez Precio de reemplazo Tipo de ítem Koha
        Colección de folletos Biblioteca del Ateneo de Madrid Biblioteca del Ateneo de Madrid Depósito folletos 17/01/2008     T-1416-F-6 1034119 23/02/2023 23/02/2023 Folleto